Catalog

Record Details

Catalog Search



The emperor of lies / Steve Sem-Sandberg ; ... Read More

Death, Sarah.(Added Author).

Record details

  • ISBN: 9780374139643 (cloth : alk. paper)
  • Physical Description: 664 p. ; 24 cm.
  • Edition: 1st American ed.
  • Publisher: New York : Farrar, Straus and Giroux, 2011.

Content descriptions

General Note:
"Originally published in 2009 by Albert Bonniers Fèorlag, Sweden, as De fattiga i Lâo³âz; English ... Read More
English translation of Fattiga i Lâo³âz.
Subject: Rumkowski, Mordecai òHayim > Fiction.
Jews > Poland > History > Fiction.
Jewish ghettos > Poland > ¡âodâz > History > Fiction.
Holocaust, Jewish (1939-1945) > Fiction.
World War, 1939-1945 > Fiction.
¡âodâz (Poland) > Fiction.
Genre: Historical fiction.
LDR 01557cam a22003858a 4500
001134272
003LARL_NWRL_CONSORTIUM
00520110310142258.0
008110308r20112011nyu 000 1 eng
010 . ‡a2011008443
020 . ‡a9780374139643 (cloth : alk. paper)
040 . ‡aDLC ‡cDLC
0411 . ‡aeng ‡hswe
042 . ‡apcc
043 . ‡ae-pl--- ‡ae------
049 . ‡aNRG
05000. ‡aPT9876.29.E47 ‡bF3813 2011
08200. ‡a839.73/74 ‡222
1001 . ‡aSem-Sandberg, Steve, ‡d1958- ‡0(LARL_NWRL_CONSORTIUM)223861
24514. ‡aThe emperor of lies / ‡cSteve Sem-Sandberg ; translated from the Swedish by Sarah Death.
250 . ‡a1st American ed.
260 . ‡aNew York : ‡bFarrar, Straus and Giroux, ‡c2011.
300 . ‡a664 p. ; ‡c24 cm.
500 . ‡a"Originally published in 2009 by Albert Bonniers Fèorlag, Sweden, as De fattiga i Lâo³âz; English translation originally published in 2011 by Faber and Faber Ltd., Great Britain"--T.p. verso.
500 . ‡aEnglish translation of Fattiga i Lâo³âz.
60010. ‡aRumkowski, Mordecai òHayim ‡vFiction.
650 0. ‡aJews ‡zPoland ‡xHistory ‡vFiction.
650 0. ‡aJewish ghettos ‡zPoland ‡z¡âodâz ‡xHistory ‡vFiction.
650 0. ‡aHolocaust, Jewish (1939-1945) ‡vFiction. ‡0(LARL_NWRL_CONSORTIUM)165632
650 0. ‡aWorld War, 1939-1945 ‡vFiction. ‡0(LARL_NWRL_CONSORTIUM)36331
651 0. ‡a¡âodâz (Poland) ‡vFiction.
655 7. ‡aHistorical fiction. ‡2lcsh
7001 . ‡aDeath, Sarah. ‡0(LARL_NWRL_CONSORTIUM)186956
901 . ‡a134272 ‡bISxN ‡c134272 ‡tbiblio

Additional Resources